[Event "COL pre olympic sf2"]
[Site "Palmira"]
[Date "2019.06.03"]
[Round "10"]
[White "Galarza, Octavio"]
[Black "Donneys, Franz"]
[Result "1/2-1/2"]
[WhiteElo "1689"]
[BlackElo "1624"]
[PlyCount "58"]
[EventDate "2019.05.29"]
[EventType "swiss"]
[EventRounds "10"]
[EventCountry "COL"]
[SourceTitle "CBM 190 Extra"]
[Source "ChessBase"]
[SourceDate "2019.07.15"]
[SourceVersion "1"]
[SourceVersionDate "2019.07.15"]
[SourceQuality "1"]

1. e4 c5 2. d4 cxd4 3. c3 dxc3 4. Nxc3 e6 5. Nf3 Nc6 6. Bc4 Nf6 7. 0-0 Qc7 8. Nb5 Qb8 9. Re1 a6 10. Nc3 b5 11. Bb3 Na5 12. Bc2 d6 13. Bg5 Be7 14. Qd3 Nc4 15. b3 Ne5 16. Nxe5 dxe5 17. a3 Ra7 18. b4 Rd7 19. Qe2 0-0 20. Rac1 Rfd8 21. Nd1 Bb7 22. f3 h6 23. Be3 Nh5 24. g3 Nf6 25. Nb2 Rc8 26. Nd3 Rdc7 27. Bb1 Nd7 28. Rxc7 Rxc7 29. Rc1 Qc8 1/2-1/2

[Event "COL pre olympic sf2"]
[Site "Palmira"]
[Date "2019.06.01"]
[Round "6"]
[White "Galarza, Octavio"]
[Black "Martinez Murcia, John Alexander"]
[Result "1/2-1/2"]
[WhiteElo "1689"]
[BlackElo "1839"]
[PlyCount "86"]
[EventDate "2019.05.29"]
[EventType "swiss"]
[EventRounds "10"]
[EventCountry "COL"]
[SourceTitle "CBM 190 Extra"]
[Source "ChessBase"]
[SourceDate "2019.07.15"]
[SourceVersion "1"]
[SourceVersionDate "2019.07.15"]
[SourceQuality "1"]

1. e4 c6 2. d4 d5 3. f3 dxe4 4. fxe4 e5 5. Nf3 exd4 6. Bc4 Nd7 7. 0-0 f6 8. e5 Nb6 9. Bb3 Nd5 10. Nxd4 Bc5 11. Kh1 Nge7 12. c4 Nc7 13. exf6 Qxd4 14. fxe7 Qxd1 15. Bxd1 Bxe7 16. Bf4 0-0 17. Be2 Ne6 18. Be3 Rxf1+ 19. Bxf1 Bd7 20. Nc3 Rf8 21. g3 Bc5 22. Bxc5 Nxc5 23. Kg1 Re8 24. Rd1 Bg4 25. Rd4 Bf5 26. g4 Bc8 27. b4 Ne6 28. Re4 Kf8 29. Kf2 h6 30. c5 g5 31. Kg3 Rd8 32. Bc4 Nf4 33. Ne2 Nxe2+ 34. Bxe2 Rd2 35. a4 Bd7 36. h4 Be8 37. hxg5 hxg5 38. Kf3 Bf7 39. Ke3 Ra2 40. a5 Rb2 41. Bc4 Bxc4 42. Rxc4 Kf7 43. Re4 Kf6 1/2-1/2

[Event "COL pre olympic sf2"]
[Site "Palmira"]
[Date "2019.05.31"]
[Round "5"]
[White "Cadena Montoya, Gustavo Adolfo"]
[Black "Galarza, Octavio"]
[Result "1-0"]
[WhiteElo "2173"]
[BlackElo "1689"]
[PlyCount "41"]
[EventDate "2019.05.29"]
[EventType "swiss"]
[EventRounds "10"]
[EventCountry "COL"]
[SourceTitle "CBM 190 Extra"]
[Source "ChessBase"]
[SourceDate "2019.07.15"]
[SourceVersion "1"]
[SourceVersionDate "2019.07.15"]
[SourceQuality "1"]

1. d4 Nf6 2. c4 e5 3. dxe5 Ng4 4. Nh3 Nxe5 5. e3 Bb4+ 6. Bd2 Qe7 7. Nc3 Bxc3 8. Bxc3 0-0 9. Nf4 c6 10. Qd4 f6 11. c5 b6 12. cxb6 d5 13. Bb4 Qb7 14. Bxf8 Kxf8 15. bxa7 Rxa7 16. Be2 Bf5 17. 0-0 Nbd7 18. a4 Kg8 19. b4 Nb6 20. b5 cxb5 21. Bxb5 1-0

[Event "Cali op-C"]
[Site "Cali"]
[Date "2008.12.30"]
[Round "9"]
[White "Ordonez, Osiris"]
[Black "Galarza, Octavio"]
[Result "0-1"]
[WhiteElo "1600"]
[BlackElo "1600"]
[PlyCount "62"]
[EventDate "2008.12.26"]
[EventType "swiss"]
[EventRounds "9"]
[EventCountry "COL"]
[SourceTitle "EXT 2011"]
[Source "ChessBase"]
[SourceDate "2010.11.26"]
[SourceVersion "1"]
[SourceVersionDate "2010.11.26"]
[SourceQuality "1"]

1. d4 Nf6 2. Nf3 d6 3. e3 g6 4. b3 Bg7 5. Bb2 0-0 6. Bd3 c5 7. 0-0 Bg4 8. Nbd2 Nbd7 9. Rc1 Re8 10. h3 Bxf3 11. Qxf3 d5 12. g4 e5 13. dxe5 Nxe5 14. Qg2 Qa5 15. Nf3 Nxf3+ 16. Qxf3 Ne4 17. Bxg7 Kxg7 18. Qf4 Re6 19. h4 Rf6 20. Qh2 Nd2 21. Kg2 Nxf1 22. Qe5 Nxe3+ 23. Qxe3 Re6 24. Qg5 Qd8 25. Qf4 Qxh4 26. Rh1 Rf6 27. Qd2 Qxg4+ 28. Kf1 Qf4 29. Qe2 Re8 30. Rxh7+ Kxh7 31. Qh5+ Kg7 0-1

[Event "Cali op-C"]
[Site "Cali"]
[Date "2008.12.29"]
[Round "7"]
[White "Suarez, Alexander"]
[Black "Galarza, Octavio"]
[Result "1-0"]
[WhiteElo "1736"]
[BlackElo "1600"]
[PlyCount "75"]
[EventDate "2008.12.26"]
[EventType "swiss"]
[EventRounds "9"]
[EventCountry "COL"]
[SourceTitle "EXT 2011"]
[Source "ChessBase"]
[SourceDate "2010.11.26"]
[SourceVersion "1"]
[SourceVersionDate "2010.11.26"]
[SourceQuality "1"]

1. d4 Nf6 2. c4 c5 3. d5 e6 4. Nc3 d6 5. Nf3 exd5 6. cxd5 Bf5 7. e3 Nbd7 8. Bd3 Bg6 9. 0-0 Be7 10. a4 a6 11. Re1 0-0 12. Bxg6 fxg6 13. h3 Kh8 14. Ne2 Ne8 15. Bd2 Bf6 16. Nf4 Nc7 17. Ba5 b6 18. Bc3 g5 19. Nh5 Qe7 20. Ng3 Be5 21. Nxe5 Nxe5 22. e4 g6 23. Qe2 a5 24. Nf1 Rae8 25. Nd2 Kg8 26. Nc4 Nxc4 27. Qxc4 Qf7 28. Rf1 Qf4 29. Rae1 Re7 30. Re3 Rfe8 31. Rfe1 Rf7 32. Qe2 g4 33. hxg4 Ref8 34. Rf3 Qxg4 35. Rxf7 Qxe2 36. Rg7+ Kh8 37. Rxg6+ Rf6 38. Bxf6# 1-0